Innovative Techniques in the Medium of Learning in Education/ (Record no. 211691)

MARC details
000 -LEADER
fixed length control field 00651nam a22001937a 4500
005 - DATE AND TIME OF LATEST TRANSACTION
control field 20250610115855.0
010 ## - LCCN (DPL NO)
LC control number ENG-145260
020 ## - INTERNATIONAL STANDARD BOOK NUMBER
International Standard Book Number 9789380406732
Terms of availability 350.00
035 ## - SYSTEM CONTROL NUMBER
System control number EN-128792
037 ## - SOURCE OF ACQUISITION
Source of stock number/acquisition DBAD
082 ## - DEWEY DECIMAL CLASSIFICATION NUMBER
Classification number 374.4
Edition number 1
245 ## - TITLE STATEMENT
Title Innovative Techniques in the Medium of Learning in Education/
Statement of responsibility, etc Organized By Nandha College of Education
250 ## - EDITION STATEMENT
Edition statement 1
260 ## - PUBLICATION, DISTRIBUTION, ETC. (IMPRINT)
Place of publication, distribution, etc Tamil Nadu
Name of publisher, distributor, etc Nandha College of Education
Date of publication, distribution, etc 2013
270 ## - ADDRESS
City Tamil Nadu
Address Koorapalayam Pirivu, Pitchandampalayam, Erode Dist
Postal code 638052
Telephone number 04294224588
-- 9965299199
300 ## - PHYSICAL DESCRIPTION
Extent ix, 198p.
Dimensions 29cm (pb)
700 ## - ADDED ENTRY--PERSONAL NAME
9 (RLIN) 77225
942 ## - ADDED ENTRY ELEMENTS (KOHA)
Source of classification or shelving scheme Dewey Decimal Classification
Item type English Books
Classification part 374.4
Call number suffix INN
Holdings
Withdrawn status Lost status Not for loan Collection code Home library Current library Date acquired Source of acquisition Cost, normal purchase price Full call number Barcode Copy number Cost, replacement price Koha item type
      Non-fiction Karol Bagh Kasturba Gandhi Marg 10/06/2025 Delivery of Books Act Division 350.00 374.4 INN EN-128792 1 350.00 English Books

© Delhi Public Library
Hit Counter
free hit counter